000 00506 a2200169 4500
003 OSt
005 20231006151959.0
008 231006b |||||||| |||| 00| 0 eng d
020 _a9789386392701
040 _coclc
082 _a801.95
_bANS/M
100 1 _aAnshen, David
_99687
245 _aMarxist literary and cultural theory /
_cDavid Anshen; edited by Andrew Slade
260 _bOrient Blackswan
_c2023.
300 _a200 p
942 _2ddc
_cBK
_h801.95
_iANS/D
_k801.95
_mANS/D
999 _c42558
_d42558